|
|
|
|
| LEADER |
00000naa a2200000 i 4500 |
| 001 |
publ2604 |
| 005 |
20260130111712.0 |
| 008 |
260130s2025 hu o 000 zxx d |
| 020 |
|
|
|a 978-615-6886-22-4
|
| 024 |
|
|
|a 10.29180/978-615-6886-22-4_10
|2 doi
|
| 040 |
|
|
|a BGE Publikációtár Repozitórium
|b hun
|
| 100 |
1 |
|
|a Németh Krisztina
|
| 245 |
1 |
0 |
|a Családi vállalkozás kutatás az egészségügyi szektorban a nemzetközi felmérések tükrében
|c Németh Krisztina
|h [elektronikus dokumentum]
|
| 260 |
|
|
|a Budapesti Gazdaságtudományi Egyetem
|b Budapest
|c 2025
|
| 300 |
|
|
|a 1-11
|
| 490 |
0 |
|
|a II. Dr. Sztanó Imre Emlékkonferencia
|
| 520 |
3 |
|
|a Az egészségügyi szektor egy intenzíven bővülő terület a világon. Bővülésének hátterében különböző tulajdonosi struktúrával rendelkező vállalkozások találhatóak meg, melyek között a családi vállalkozások is szerepelnek. Kutatásunkban bemutatásra kerülnek az egészségügyi szektor sajátosságai külön kiemelve a családi vállalkozásokban megjelenő egyediségeket. Tanulmányunkban a nemzetközi felméréseket feltáró irodalmat mélyrehatóan vizsgáltuk meg és a nemzetközi szakirodalom által bemutatott esettanulmányok alapján látható, hogy a strukturált menedzsment és kontrolling rendszerek megléte pozitív hatással lehetnek egy családi tulajdonú, egészségügyi vállalkozás fejlődésére, mindennapi működésére. Ugyanakkor az egyes nemzetek egészségügyi rendszerének specialitásai is jelentős befolyásolással lehetnek, ezért a kutatás további vizsgálatokat, kiegészítéseket igényel még a jövőben.
|
| 650 |
|
4 |
|a gazdálkodás- és szervezéstudományok
|
| 700 |
1 |
|
|a Czine Vanda
|e aut
|
| 856 |
4 |
0 |
|u https://publikaciotar.uni-bge.hu/id/eprint/2604/1/Dr.%20Sztan%C3%B3%20Imre%20Elml%C3%A9kkonferencia_konferenciak%C3%B6tet_10.pdf
|z Dokumentum-elérés
|